000 04815cam a22007817a 4500
001 000002603
003 CHAP
005 20220329133132.0
008 971013s1986 mx r o00010 spa d
010 _a2554
011 _a3526
035 _a2727
040 _cCHAP
082 0 4 _a317.2
_bM4 Mich.
110 2 _aInstituto Nacional de Estadística, Geografía e Informática. México
_959304
245 1 0 _aAnuario estadístico del estado de Michoacán /
_c/por Instituto Nacional de Estadística Geografía e Informática.
260 _aMéxico, D. F. :
_bInstituto Nacional de Estadística, Geografía e Informática,
_c1986- .
300 _av.
500 _ac. de : Manual de estadísticas básicas
500 _aLa biblioteca tiene : 1990, 1992, 1993, 1994, 1995, 1996, 1997, 1998,1999, 2000, 2001, 2002, 2003, 2004, 2005, 2006 (2v.), 2007, 2008(2v.), 2009(2v.), 2010, 2011, 2012
590 _aBATCH-UPD
_b10
_c20130110
_lUCH01
_h0139
590 _aBATCH-UPD
_b10
_c20130110
_lUCH01
_h0934
590 _aBATCH-UPD
_b10
_c20130409
_lUCH01
_h2136
590 _aBATCH-UPD
_b10
_c20130410
_lUCH01
_h0552
590 _aBATCH-UPD
_b10
_c20130913
_lUCH01
_h2045
590 _aCONVERSION
_b10
_c20130109
_lUCH01
_h1303
590 _aE5995AHE
_b05
_c20131107
_lUCH01
_h1140
650 1 4 _aAgricultura
_xEstadísticas
_zMichoacán.
_91456
650 1 4 _aAgricultura
_xMichoacán.
_91743
650 1 4 _aGanadería
_xEstadísticas
_zMichoacán.
_944715
650 1 4 _aMichoacán
_xEstadísticas.
_975454
901 _aBK
942 _cLIBRO
942 _n0
949 _a317.2 M4 Mich.
_bBC
_cINEGI
_d33724000506440
_eINEGI
_f1992
_h84197
_i2727
_si
_t12.50
949 _a317.2 M4 Mich.
_bBC
_cINEGI
_d33724000536629
_eINEGI
_f1993
_h85005
_i2727
_si
_t12.50
949 _a317.2 M4 Mich.
_bBC
_cINEGI
_d33724000536686
_eINEGI
_f1993 c.2
_h85006
_i2727
_si
_t12.50
949 _a317.2 M4 Mich.
_bBC
_cINEGI
_d33724000593315
_eINEGI
_f1996 c.2
_h92457
_i2727
_kDonaciØn
_sb
949 _a317.2 M4 Mich.
_bBC
_cINEGI
_d33724000593323
_eINEGI
_f1997
_gI.192190
_h92458
_i2727
_sb
949 _a317.2 M4 Mich.
_bBC
_cINEGI
_d33724000626123
_eINEGI
_f1996
_h91405
_i2727
_si
_t80.00
949 _a317.2 M4 Mich.
_bBC
_cINEGI
_d33724000642005
_eINEGI
_f1994
_gI. c/e
_h88781
_i2727
_si
_t40.00
949 _a317.2 M4 Mich.
_bBC
_cINEGI
_d33724000667358
_eINEGI
_f1992 c.2
_h84198
_i2727
_si
_t12.50
949 _a317.2 M4 Mich.
_bBC
_cINEGI
_d33724000717005
_eINEGI
_f1998 c.2
_gI. c/e
_h94684
_i2727
_sb
_t99.00
949 _a317.2 M4 Mich.
_bBC
_cINEGI
_d33724000717153
_eINEGI
_f1998
_gI. c/e
_h95167
_i2727
_sb
_t99.00
949 _a317.2 M4 Mich.
_bBC
_cINEGI
_d33724000749370
_eINEGI
_f1995
_h91129
_i2727
_sb
_t12.50
949 _a317.2 M4 Mich.
_bBC
_cINEGI
_d33724000801577
_eINEGI
_f1997 c.2
_h93869
_i2727
_sb
949 _a317.2 M4 Mich.
_bBC
_cINEGI
_d33724000843603
_eINEGI
_f2000
_gI. c/e
_h100932
_i2727
_sb
949 _a317.2 M4 Mich.
_bBC
_cINEGI
_d33724000844536
_eINEGI
_f1995 c.2
_gDonaciØn
_h101182
_i2727
_sb
949 _a317.2 M4 Mich.
_bBC
_cINEGI
_d33724000869434
_eINEGI
_f2001
_gDonaciØn
_h102510
_i2727
_sb
949 _a317.2 M4 Mich.
_bBC
_cINEGI
_d33724000869558
_eINEGI
_f2001 c.2
_gDonaciØn
_h102511
_i2727
_sb
949 _a317.2 M4 Mich.
_bBC
_cINEGI
_d33724000888467
_eINEGI
_f2002
_gDonaciØn
_h103564
_i2727
_sb
949 _a317.2 M4 Mich.
_bBC
_cINEGI
_d33724000912317
_eINEGI
_f2003
_gDonaciØn
_h104390
_i2727
_sb
949 _a317.2 M4 Mich.
_bBC
_cINEGI
_d33724000932646
_eINEGI
_f2004
_gDonaciØn
_h105096
_i2727
_sb
949 _a317.2 M4 Mich.
_bBC
_cINEGI
_d33724000959292
_eINEGI
_f1999
_gI. c/e
_h98060
_i2727
_sb
949 _a317.2 M4 Mich.
_bBC
_cINEGI
_d33724000980975
_eINEGI
_f2005 v.1
_gDonaciØn
_h107850
_i2727
_sb
949 _a317.2 M4 Mich.
_bBC
_cINEGI
_d33724000981031
_eINEGI
_f2005 v.2
_gDonaciØn
_h107851
_i2727
_sb
949 _a317.2 M4 Mich.
_bBC
_cINEGI
_d33724002051553
_eINEGI
_f2007 v.1
_gDonaciØn
_h109706
_i2727
_sb
949 _a317.2 M4 Mich.
_bBC
_cINEGI
_d33724002051678
_eINEGI
_f2007 v.2
_gDonaciØn
_h109707
_i2727
_sb
949 _a317.2 M4 Mich.
_bBC
_cINEGI
_d33724002078736
_eINEGI
_f2006 v.2
_gDonaciØn
_h112017
_i2727
_sb
949 _a317.2 M4 Mich.
_bBC
_cINEGI
_d33724002078850
_eINEGI
_f2006 v.1
_gDonaciØn
_h112016
_i2727
_sb
949 _a317.2 M4 Mich.
_bBC
_cINEGI
_d33724002095330
_eINEGI
_f2008 v.2
_gDonaciØn
_h111845
_i2727
_sb
949 _a317.2 M4 Mich.
_bBC
_cINEGI
_d33724002095371
_eINEGI
_f2008 v.1
_gDonaciØn
_h111844
_i2727
_sb
949 _a317.2 M4 Mich.
_bBC
_cINEGI
_d33724002110892
_eINEGI
_f2009 v.1
_gDonaciØn
_h111898
_i2727
_sb
949 _a317.2 M4 Mich.
_bBC
_cINEGI
_d33724002110934
_eINEGI
_f2009 v.2
_gDonaciØn
_h111899
_i2727
_sb
949 _a317.2 M4 Mich.
_bBC
_cINEGI
_d33724002257322
_eINEGI
_f2010
_gDonaciØn
_h114533
_i2727
_sb
949 _a317.2 M4 Mich.
_bBC
_cINEGI
_d33724002332868
_eINEGI
_f2011
_gDonaciØn
_h116706
_i2727
_sb
949 _a317.2 M4 Mich.
_bBC
_cMUT
_d-12233
_eMUT
_f1990
_gI.c/e
_h80965
_i2727
_si
_t12.50
999 _c2554
_d2554